| 000 | 01105nas a2200373 4500 | ||
|---|---|---|---|
| 001 | BR2012009274 | ||
| 003 | BR-BrBNA | ||
| 005 | 20231205121625.0 | ||
| 007 | ta | ||
| 008 | 230509b bl.|||p| |||| 00| 00por d | ||
| 040 |
_aBR-BrBNA _bpor _cBiblioteca Nacional de Agricultura |
||
| 041 | _a(Pt) | ||
| 072 | _aL70 | ||
| 100 | 1 | _aSantos, R.P. | |
| 100 | 1 | _aMazzanti, A. | |
| 100 | 1 | _aBeckmann, D.V. | |
| 100 | 1 | _aAiello, G. | |
| 100 | 1 | _aBrum, J.S. | |
| 100 | 1 | _aLeme Júnior, P.T. | |
| 100 | 1 | _aRippingler, A. | |
| 100 | 1 | _aNeto, D.P. | |
| 100 | 1 | _aMiranda, T.F. | |
| 245 | 1 | _aTemperatura de polimerização da resina acrílica odontológica na medula espinhal de ratos Wistar | |
| 650 | _aRATO | ||
| 650 | _aANIMAL DE LABORATÓRIO | ||
| 650 | _aTEMPERATURA | ||
| 650 | _aRESINA | ||
| 650 | _aPOLIMERIZAÇÃO | ||
| 650 | _aMEDULA ESPINAL | ||
| 650 | _aCIRURGIA | ||
| 773 | 0 |
_tArquivo Brasileiro de Medicina Veterinária e Zootecnia (Brazil) _xISSN 0102-0935 _g(Aug 2012), v. 64(4) p. 865-872 _wBR2012009274 |
|
| 909 |
_a202311 _bLúcia _c55 _dLúcia Elande |
||
| 942 |
_2AGRIS _n0 _cANA |
||
| 999 |
_c224434 _d224434 |
||